Indian tribes of the lower Mississippi Valley and adjacement coast of the Gulf of Mexico / (Record no. 149083)

MARC details
000 -LEADER
campo de control de longitud fija 00680nam a2200181 4500
001 - NÚMERO DE CONTROL
campo de control 149083
003 - IDENTIFICADOR DE NÚMERO DE CONTROL
campo de control ES-MaACL
005 - FECHA Y HORA DE LA ÚLTIMA TRANSACCIÓN
campo de control 20230906202936.0
007 - CAMPO FIJO DE DESCRIPCIÓN FÍSICA--INFORMACIÓN GENERAL
campo de control de longitud fija t|
008 - DATOS DE LONGITUD FIJA--INFORMACIÓN GENERAL
campo de control de longitud fija 070214s1911 xxu r ||||1| eng d
100 1# - ENTRADA PRINCIPAL--NOMBRE DE PERSONA
Nombre de persona Swanton, John Reed.
9 (RLIN) 108924
245 10 - MENCIÓN DEL TÍTULO
Título Indian tribes of the lower Mississippi Valley and adjacement coast of the Gulf of Mexico /
Mención de responsabilidad, etc. by John R. Swanton.
260 ## - PUBLICACIÓN, DISTRIBUCIÓN, ETC.
Lugar de publicación, distribución, etc. Washington :
Nombre del editor, distribuidor, etc. Government Printing Office,
Fecha de publicación, distribución, etc. 1911.
300 ## - DESCRIPCIÓN FÍSICA
Extensión VI, 387 p., 32 lám. ;
Dimensiones 24 cm +
Material acompañante/anejo 1 map. col. pleg.
500 ## - NOTA GENERAL
Nota general Precede al tít.: Bureau of American Ethnology.
710 2# - ENTRADA AGREGADA--NOMBRE DE ENTIDAD CORPORATIVA
Nombre de entidad corporativa o nombre de jurisdicción como elemento de entrada Smithsonian Institution.
Unidad subordinada Bureau of American Ethnology.
9 (RLIN) 6625
852 ## - LOCALIZACIÓN
Ubicación ES-MaACL
Número de control de estantería G-15399
Holdings
Estatus retirado Estado de pérdida Estado de daño No para préstamo Biblioteca de origen Biblioteca actual Ubicación en estantería Fecha de adquisición Fuente de adquisición Total de préstamos Signatura topográfica completa Código de barras Visto por última vez Precio de reemplazo Tipo de ítem Koha
        Biblioteca del Ateneo de Madrid Biblioteca del Ateneo de Madrid Sala Pecera Planta 3 17/01/2008     G-15399 1155572 23/02/2023 23/02/2023 Libro impreso